| 000 | 05366nam a22005897a 4500 | ||
|---|---|---|---|
| 005 | 20121005112748.0 | ||
| 008 | 121005t xxu||||| |||| 00| 0 eng d | ||
| 010 | _aENG-106013-106027 | ||
| 020 |
_a9789380847085(set of 15 vols.) _c10000.00(set of 15 vols.) |
||
| 020 |
_a9789380847092(V.1) _c10000.00(set of 15 vols.) |
||
| 020 |
_a9789380847108(V.2) _c10000.00(set of 15 vols.) |
||
| 020 |
_a9789380847115(V.3) _c10000.00(set of 15 vols.) |
||
| 020 |
_a9789380847122(V.4) _c10000.00(set of 15 vols.) |
||
| 020 |
_a9789380847139(V.5) _c10000.00(set of 15 vols.) |
||
| 020 |
_a9789380847146(V.6) _c10000.00(set of 15 vols.) |
||
| 020 |
_a9789380847153(V.7) _c10000.00(set of 15 vols.) |
||
| 020 |
_a9789380847160(V.8) _c10000.00(set of 15 vols.) |
||
| 020 |
_a9789380847177(V.9) _c10000.00(set of 15 vols.) |
||
| 020 |
_a9789380847184(V.10) _c10000.00(set of 15 vols.) |
||
| 020 |
_a9789380847191(V.11) _c10000.00(set of 15 vols.) |
||
| 020 |
_a9789380847207(V.12) _c10000.00(set of 15 vols.) |
||
| 020 |
_a9789380847214(V.13) _c10000.00(set of 15 vols.) |
||
| 020 |
_a9789380847221(V.14) _c10000.00(set of 15 vols.) |
||
| 020 |
_a9789380847238(V.15) _c10000.00(set of 15 vols.) |
||
| 035 | _aEN-89546-560 | ||
| 037 | _bDBAD/PUB | ||
| 040 |
_aDPL _bEng |
||
| 082 | _a915.403 | ||
| 100 |
_aBaghel, Virendra Singh _952892 |
||
| 245 |
_aEncyclopaedia people of the Indian states and union territories / _cby Virendra Singh Baghel [and] Sanchita Singh |
||
| 260 |
_aNew Delhi _bAnurag Prakashan _c2012 |
||
| 270 |
_a4760-61, (IInd Floor), 23 Ansari Road, Darya Ganj _bNew Delhi _e110002 |
||
| 300 | 1 |
_a15V.(207p.; 231p. ;206p. ; 208p. ; 196p. ; 200p. ; 208p. ; 208p. ; 216p. ; 208p. ; 184p. ; 240p. ; 192p. ; 198p. ; 156p.) : _bill. _c22cm(Hb) |
|
| 505 | _aV.1-Jammu and Kashmir & Himachal Pradesh ; V.2-Punjab, Haryana, Chandigarh & Delhi ; V.3- Bihar & Jharkhand ; V.4-Madhya Pradesh & Chhatisgarh ; V.5-Uttar Pradesh & Uttarakhand ; V.6- Rajasthan and Gujarat ; V.7-Andhra Pradesh and Tamil Nadu ; V.8-Kerala and Karnataka ; V.9-Orissa and West Bengal ; V.10-Assam and Meghalaya ; V.11-Manipur and Mizoram ; V.12-Diu and Dadra and Nagar Haveli ; V.13-Arunachal Pradesh and Sikkim ; V.14-Tripura and Nagaland ; V.15-Andaman Nicobar, Lakshdweep and Pudduchery | ||
| 700 |
_aSingh, Sanchita _952893 |
||
| 942 |
_2ddc _cEN _h915.403 _mBAG |
||
| 999 |
_c70563 _d70563 |
||